| 000 | 00538nam a22001697a 4500 | ||
|---|---|---|---|
| 999 |
_c40979 _d40979 |
||
| 003 | OSt | ||
| 005 | 20210224115426.0 | ||
| 008 | 210224b ||||| |||| 00| 0 eng d | ||
| 020 | _a9788172544553 | ||
| 040 | _coclc | ||
| 082 |
_a510 _bDHA/B |
||
| 100 |
_98474 _aDhankher, Pridhi |
||
| 245 |
_aBridge Course to JEE Main 2015 : Mathematics / _cPridhi Dhankher ; Ankul Thrivedi ; Kishore V Sharma |
||
| 260 |
_aChennai: _bSura College of Competition, |
||
| 300 | _a834p | ||
| 942 |
_2ddc _cBK _h510 _iDHA/B _k510 _mDHA/B |
||